Environmentálne aspekty produktov a ich využitie v stratégii podniku diplomová práca

Guardado en:
Detalles Bibliográficos
Autor principal: Poláková, Sylvia
Autor Corporativo: Obchodná fakulta EU. Katedra tovaroznalectva a kvality tovaru
Otros Autores: Strhan, Rastislav, 1968-
Formato: Libro
Lenguaje:eslovaco
Publicado: Bratislava 2018
Etiquetas: Agregar Etiqueta
Sin Etiquetas, Sea el primero en etiquetar este registro!

MARC

LEADER 00000nbm a2200000 4500
001 0243328
005 20180911140031.9
041 0 |a slo 
044 |a SK 
245 1 0 |a Environmentálne aspekty produktov a ich využitie v stratégii podniku  |b diplomová práca  |c Sylvia Poláková ; školiteľ: Rastislav Strhan 
264 1 |a Bratislava  |c 2018 
300 |a 78 s. 
100 1 |a Poláková, Sylvia 
700 1 |a Strhan, Rastislav, 1968- 
710 2 |a Obchodná fakulta EU. Katedra tovaroznalectva a kvality tovaru